000 00576nam a22001817a 4500
005 20251108175954.0
008 250721s2021 xx 000 0 ara d
082 1 4 _a615.8/حمز
100 1 _aحمزه، عارف سالم
245 1 0 _aالعلاج بسم النحل و العسل و حبوب الطلع و العكبر /
264 1 _aدمشق :
_bدار مؤسسة رسلان للنشر،
_c2021.
300 _a224ص.
650 1 7 _aالعلاج الطبيعي
650 1 7 _aالعلاج بالعسل
650 1 7 _aالعسل
942 _2ddc
_cBK
999 _c146760
_d146760